LIBRARY & INFORMATION CENTRE, KCAET, TAVANUR

ONLINE PUBLIC ACCESS CATALOGUE (OPAC)

Plant Physiology / (Record no. 1430)

MARC details
000 -LEADER
fixed length control field 00533cam a2200217ua 4500
041 ## - LANGUAGE CODE
Language code of text/sound track or separate title eng
082 ## - DEWEY DECIMAL CLASSIFICATION NUMBER
Classification number 581.8
Item number MEY/PL
100 ## - MAIN ENTRY--AUTHOR NAME
Personal name Meyer, Bernard.S .
245 ## - TITLE STATEMENT
Title Plant Physiology /
250 ## - EDITION STATEMENT
Edition statement 2 /
260 ## - PUBLICATION, DISTRIBUTION, ETC. (IMPRINT)
Place of publication Newyork :
Name of publisher D.Van nostrant company INC ,
Year of publication 1959.
300 ## - PHYSICAL DESCRIPTION
Number of Pages 784 ; .
700 1# - ADDED ENTRY--PERSONAL NAME
Personal name Anderson, Donald.B .
942 ## - ADDED ENTRY ELEMENTS (KOHA)
Koha item type Books
Holdings
Withdrawn status Lost status Damaged status Home library Current library Date acquired Full call number Accession Number Koha item type
      KAUAET KAUAET 07/04/2012 581.8 MEY/PL 3638 Books
      KAUAET KAUAET 07/04/2012 581.8 MEY/PL 10820 Books
      KAUAET KAUAET 07/04/2012 581.8 MEY/PL 12393 Books
free website counter